Introduction to healthcare knowledge and library services / (Record no. 51972)

MARC details
000 -LEADER
fixed length control field 00721nam a2200253Ia 4500
005 - DATE AND TIME OF LATEST TRANSACTION
control field 20260429112028.0
008 - FIXED-LENGTH DATA ELEMENTS--GENERAL INFORMATION
fixed length control field 260429s9999||||xx |||||||||||||| ||und||
020 ## - INTERNATIONAL STANDARD BOOK NUMBER
International Standard Book Number 9781783305933
041 ## - LANGUAGE CODE
Language English
082 ## - DEWEY DECIMAL CLASSIFICATION NUMBER
Classification number 027.662
Item number WAL
100 ## - MAIN ENTRY--PERSONAL NAME
Personal name Walton, Geoff
245 #0 - TITLE STATEMENT
Title Introduction to healthcare knowledge and library services /
Statement of responsibility, etc Geoff Walton
260 ## - PUBLICATION, DISTRIBUTION, ETC. (IMPRINT)
Place of publication, distribution, etc United Kingdom :
Name of publisher, distributor, etc Facet Publishing,
Date of publication, distribution, etc 2024.
300 ## - PHYSICAL DESCRIPTION
Extent xi, 245 p.; pbk
650 ## - SUBJECT ADDED ENTRY--TOPICAL TERM
Topical term or geographic name as entry element Healthcare libraries
650 ## - SUBJECT ADDED ENTRY--TOPICAL TERM
Topical term or geographic name as entry element Hospital libraries
650 ## - SUBJECT ADDED ENTRY--TOPICAL TERM
Topical term or geographic name as entry element Library services
650 ## - SUBJECT ADDED ENTRY--TOPICAL TERM
Topical term or geographic name as entry element Library science
700 ## - ADDED ENTRY--PERSONAL NAME
Personal name Johnson, Frances
700 ## - ADDED ENTRY--PERSONAL NAME
Personal name Stewart, David
700 ## - ADDED ENTRY--PERSONAL NAME
Personal name Wyatt, Holly Case
700 ## - ADDED ENTRY--PERSONAL NAME
Personal name Young, Gil
942 ## - ADDED ENTRY ELEMENTS (KOHA)
Koha item type Text Books
Holdings
Withdrawn status Lost status Damaged status Not for loan Collection code Home library Location Shelving location Date of Cataloging Source of acquisition Total Checkouts Full call number Barcode Date last seen Price effective from Koha item type
        Non-fiction CUTN Central Library CUTN Central Library Generalia 29/04/2026 Overseas Press, New Delhi - Invoice No. IN32831 on 09-02-2026   027.662 WAL 57015 29/04/2026 29/04/2026 Text Books